| 000 | 01115nam a2200301 4500 | ||
|---|---|---|---|
| 003 | EC-UNACH | ||
| 005 | 20251117110554.0 | ||
| 006 | s||||gr|||| 00| 00 | ||
| 008 | 150116t9999 mx r gr 000 0 spa d | ||
| 020 | _aS/N | ||
| 040 |
_aEC-UNACH _cEC-UNACH |
||
| 041 | _aspa | ||
| 082 | 0 | 4 |
_223 _a340.56 _bL018326 |
| 110 | _aCep Corporación | ||
| 245 | _aNulidad e inexistencia de los actos jurídicos en el derecho privado ecuatoriano | ||
| 250 | _aPrimera edición | ||
| 264 |
_aEcuador _bCep Corporación _cs/n |
||
| 300 | _a68 | ||
| 505 | _a1- Introducción - - 2- Inexistencia - - 3- Nulidad absoluta - - 4- Nulidad relativa - - 5- La nulidad que produce un acto prohibido por la ley - - 6- Efectos de la declaratoria judicial de nulidad - - 7- Conclusiones | ||
| 650 | _aRÉGIMEN DEL ACTO INEXISTENTE | ||
| 650 | _aNULIDAD ABSOLUTA | ||
| 650 | _aSENTENCIA QUE DECLARA LA NULIDAD DE UN ACTO | ||
| 700 | _aCesar Coronel Jones / Oscar del Brutto Andrade | ||
| 942 |
_2ddc _c1 |
||
| 999 | _c14187 | ||